Atomic Habits (Record no. 12470)

MARC details
000 -LEADER
fixed length control field 00249nam a22000977a 4500
008 - FIXED-LENGTH DATA ELEMENTS--GENERAL INFORMATION
fixed length control field 231128b |||||||| |||| 00| 0 eng d
020 ## - INTERNATIONAL STANDARD BOOK NUMBER
International Standard Book Number 9781847941831
100 ## - MAIN ENTRY--PERSONAL NAME
Personal name Clear James
9 (RLIN) 7671
245 ## - TITLE STATEMENT
Title Atomic Habits
260 ## - PUBLICATION, DISTRIBUTION, ETC. (IMPRINT)
Place of publication, distribution, etc. UK
Name of publisher, distributor, etc. Penguin Random House
Date of publication, distribution, etc. 2018
Holdings
Withdrawn status Lost status Source of classification or shelving scheme Damaged status Koha normalized classification for sorting Not for loan Home library Current library Shelving location Date acquired Total Checkouts Total Renewals Full call number Barcode Date last seen Date last checked out Price effective from Koha item type
    Dewey Decimal Classification   CLE_155_240000000000000   Good Samaritan School Library Good Samaritan School Library PSYCHOLOGY 11/28/2023 10 3 CLE155.24 CLE17729 10/18/2024 10/08/2024 11/28/2023 BOOK

Powered by Koha